Science Quiz

Random Science or Anatomy Quiz

Anatomy of the Scapula Quiz Stats

 Plays Quiz Updated Jun 28, 2016

Challenge
Share
Tweet
Score 0/27 Timer 10:00
2 Plays Today
% Correct
acromion
87.7%
spine
84.3%
acromion
77.6%
medial border
74.8%
inferior angle
74.7%
lateral border
74.1%
lateral border
74.1%
medial border
73.3%
superior angle
72.8%
coracoid process
72.3%
coracoid process
72.3%
coracoid process
72.3%
acromion
71.9%
inferior angle
70%
% Correct
superior angle
69.2%
glenoid cavity
67.6%
glenoid cavity
67.6%
superior border
63.6%
subscapular fossa
63.5%
infraspinous fossa
62.5%
infraspinous fossa
62.5%
supraspinous fossa
61.5%
supraspinous fossa
61.5%
suprascapular notch
53.7%
suprascapular notch
52.4%
subscapular fossa
50.3%
infraglenoid tubercle
29.5%

You're not logged in!

Compare scores with friends on all Sporcle quizzes.
OR
Log In

You Might Also Like...

Show Comments

Extras

Top Quizzes Today


Score Distribution

Your Account Isn't Verified!

In order to create a playlist on Sporcle, you need to verify the email address you used during registration. Go to your Sporcle Settings to finish the process.

Report this User

Report this user for behavior that violates our Community Guidelines.

Details: